Niemieckie znaki na polskiej klawiaturze (alt) - Statystyki

Ogólne statystyki
  • Ten quiz został rozwiązany 34 razy
  • Średni wynik to 2 z 7
Statystyki odpowiedzi
Litera Kombinacja cyfr % Poprawnych
Ä 1 + 4 + 2
81%
ß 2 + 2 + 5
35%
ü 1 + 2 + 9
23%
ä 1 + 3 + 2
19%
ö 1 + 4 + 8
19%
Ö 1 + 5 + 3
15%
Ü 1 + 5 + 4
12%
Nie znaleziono quizów pasujących do podanych kryteriów
Rozkład punktacji
Procent ludzi z każdym wynikiem
Percentyl według liczby udzielonych odpowiedzi
Twoja historia wyników
Nie rozwiązałeś tego quizu